• 首页
  • 本馆介绍
  • 公告通知
  • 最新文献
  • 馆藏检索
  • 电子资源
  • 读者导购
  • 参考咨询
  • 我的图书馆
  • 登录
  • 详细信息显示
  • 放入我的书架
  • 预约/预借图书
  • 作者相关作品
  • 分类相关作品
  • 丛书相关作品
  • 出版社相关作品

书目信息

  • 表格格式
  • 工作单格式
  • 卡片格式
题名:
口腔审美学
    
 
作者: 孙少宣 , 王光护 主编
分册:  
出版信息: 北京   北京出版社  2004
页数: 355页
开本: 26cm
丛书名:
单 册:
中图分类: R78-05
科图分类:
主题词: 口腔科学--医学美学 , 口腔科学 , 医学美学
电子资源:
ISBN: 7-200-05194-2
000 00811nam0 2200253 450
001 1536776275
005 20150130101317.96
010    @a7-200-05194-2@b精装@dCNY55.00
100    @a20040623d2004 em y0chiy50 ea
101 0  @achi
102    @aCN@b110000
105    @aa z 000yy
200 1  @a口腔审美学@9kou qiang shen mei xue@f孙少宣,王光护主编
210    @a北京@c北京出版社@d2004
215    @a355页@c照片,图@d26cm
330    @a本书系统论述了审美学基础知识、医学美学原理及其规律、口腔审美基本理论和口腔科各临床分支中的美与审美问题。
606 0  @a口腔科学@x医学美学
606 0  @a口腔科学
606 0  @a医学美学
690    @aR78-05@v5
701  0 @a孙少宣@9sun shao xuan@f(1944~)@4主编
701  0 @a王光护@9wang guang hu@f(1964~)@4主编
801  0 @aCN@bTSSF@c20150130
905    @aZUCC@dR78-05@eJY329
    
    口腔审美学/孙少宣,王光护主编.-北京:北京出版社,2004
    355页:照片,图;26cm
    
    
    ISBN 7-200-05194-2(精装):CNY55.00
    本书系统论述了审美学基础知识、医学美学原理及其规律、口腔审美基本理论和口腔科各临床分支中的美与审美问题。
●
相关链接 在E读中查询图书 在五车中查询图书 在当当中查询图书 在豆瓣中查询图书


正题名:口腔审美学     索取号:R78-05/JY329         预约/预借

序号 登录号 条形码 馆藏地/架位号 状态 备注
1 7862642   278626426   学院路分馆/ [索取号:R78-05/JY329] 在馆    
唐山师范学院图书馆 欢迎您!
大连网信软件有限公司© 版权所有